Mi gato Yugoslavia /

Guardat en:
Dades bibliogràfiques
Autor principal: Statovci, Pajtim (autor)
Format: Llibre
Idioma:espanyol
Publicat: Madrid, España : Alianza, 2020, c2020
Col·lecció:(Alianza Literaturas ; 735)
Matèries:
Etiquetes: Afegir etiqueta
Sense etiquetes, Sigues el primer a etiquetar aquest registre!

MARC

LEADER 00000nam^a2200000^a^4500
001 000431886
005 20250521000000.0
009 20260526144726.32
020 |a 978-84-9181-871-7 
037 |a Acervo ITESO - Biblioteca 
041 |a ESP 
082 |a 894. 541  |b STA 
100 |a Statovci, Pajtim  |e (autor) 
245 1 0 |a Mi gato Yugoslavia /  |c P. Statovci ; tr. por Laura Pascual. 
264 4 |a Madrid, España :  |b Alianza,  |c 2020, c2020 
300 |a 317 p. 
336 |a texto  |b txt  |2 rdacontenido 
337 |a sin mediación  |b n  |2 rdamedio 
338 |a volumen  |b nc  |2 rdasoporte 
440 1 |a (Alianza Literaturas ;  |v 735) 
500 |a Traducción de: Sissani Jugoslavia 
649 |a XX 
650 |a Homosexuales Kosovares -  |z Finlandia -  |x Condiciones Sociales y Culturales 
650 |a Kosovares en Finlandia -  |x Condiciones Sociales y Culturales 
650 |a Marginados Sociales -  |z Finlandia -  |x Condiciones Sociales y Culturales 
650 |a Gatos en la Literatura 
650 |a Novela Finlandesa 
650 |a Literatura Gay y Lésbica -  |z Finlandia 
650 |a Literatura Finlandesa -  |y Siglo XXI 
650 |a Homosexualidad -  |z Finlandia 
650 |a Marginación -  |z Finlandia 
650 |a Problemas Sociales -  |z Finlandia 
650 |a Kosovo-Metohija, Serbia en la Literatura 
650 |a Yugoslavia en la Literatura 
650 |a Yugoslavia -  |x Historia -  |y 1980-1992 
650 |a Yugoslavia -  |x Historia -  |y Siglo XX 
910 |a Fondo General 
920 |a Impresos - Libros 
930 |a Colección General 
940 |a Literatura 
905 |a 101 
901 |a 0500353352  |b IT1  |c LIT  |i C175609  |u 20250521 
902 |a https://opac.biblio.iteso.mx/vufind/Record/000431886